|
|
|
|
| LEADER |
00000nam0a2200000 4500 |
| 001 |
83885 |
| 005 |
20231031100354.0 |
| 010 |
|
|
|a 0194372405
|
| 035 |
|
|
|a (RuTPU)RU\TPU\book\90187
|
| 090 |
|
|
|a 83885
|
| 100 |
|
|
|a 20051024d2002 m y0engy50 ba
|
| 101 |
0 |
|
|a eng
|
| 102 |
|
|
|a US
|
| 105 |
|
|
|a a j 000zy
|
| 200 |
1 |
|
|a Stylistics
|f P. Verdonk
|
| 205 |
|
|
|a 2nd ed.
|
| 210 |
|
|
|a Oxford
|c Oxford University Press
|d 2002
|
| 215 |
|
|
|a 124 p.
|c il.
|
| 225 |
1 |
|
|a Oxford Introductions to Language Study
|
| 610 |
1 |
|
|a английский язык
|
| 610 |
1 |
|
|a учебные пособия
|
| 610 |
1 |
|
|a стилистика
|
| 610 |
1 |
|
|a переводы
|
| 686 |
|
|
|a Ш143.21-923.7
|v LBC/SL-A
|2 rubbk
|
| 700 |
|
1 |
|a Verdonk
|b P.
|g Peter
|
| 801 |
|
1 |
|a RU
|b 63413507
|c 20051024
|g PSBO
|
| 801 |
|
2 |
|a RU
|b 63413507
|c 20120829
|g PSBO
|
| 942 |
|
|
|c BK
|